| 000 | 01139nam0a2200253 4500 | ||
|---|---|---|---|
| 001 | RU\NLR\bibl\585639 | ||
| 005 | 20260406150410.0 | ||
| 035 | _a(NLR Aleph) 000577622 | ||
| 090 |
_a1632190 _c1632190 |
||
| 100 | _a20041220d2003 |||y0rusy50 ca | ||
| 101 | 0 | _arus | |
| 102 | _aRU | ||
| 105 | _aa ||||||||| | ||
| 200 | 1 |
_aЭтносфера Волгоградской области _eИнформ. справ _fВолгогр. обл. универс. науч. б-ка им. М. Горького. Отд. краеведения |
|
| 210 |
_aВолгоград _cБ.и. _d2003 |
||
| 215 |
_a53 с. _cил. _d21 |
||
| 606 | 0 |
_aНациональные отношения _jСправочники _yВолгоградская область _92355888 _3RU\NLR\auth\661407182 |
|
| 686 | _aТ3(2Р-4Во)я2 | ||
| 712 | 0 | 2 |
_4570 _aВолгоградская областная универсальная научная библиотека им. М. Горького _9347501 _3RU\NLR\AUTH\889925844 |
| 801 | 0 |
_aRU _bNLR _c20041220 _gPSBO |
|
| 801 | 1 |
_aRU _bNLR _c20041220 |
|
| 942 | _cBOOK | ||
| 980 | _aNB | ||